书目信息 |
| 题名: |
化学实验赏析
|
|
| 作者: | 翟慕衡 , 魏先文 , 王正华 编著 | |
| 分册: | ||
| 出版信息: | 合肥 中国科学技术大学出版社 2012 |
|
| 页数: | 311页 | |
| 开本: | 23cm | |
| 丛书名: | ||
| 单 册: | ||
| 中图分类: | O6-3 | |
| 科图分类: | ||
| 主题词: | 化学实验--hua xue shi yan--教材 | |
| 电子资源: | ||
| ISBN: | 978-7-312-02912-7 | |
| 000 | 00857nam0 2200253 450 | |
| 001 | 2350717868 | |
| 005 | 20231212140533.46 | |
| 010 | @a978-7-312-02912-7@dCNY33.00 | |
| 100 | @a20120921d2012 em y0chiy50 ea | |
| 101 | 0 | @achi |
| 102 | @aCN@b340000 | |
| 105 | @aak a 000yy | |
| 200 | 1 | @a化学实验赏析@Ahua xue shi yan shang xi@f翟慕衡, 魏先文, 王正华等编著 |
| 210 | @a合肥@c中国科学技术大学出版社@d2012 | |
| 215 | @a311页@c图@d23cm | |
| 320 | @a有书目 | |
| 330 | @a本书内容包括化学实验简史、化学实验对创新精神的培养和对人类社会的贡献、化学实验的基本操作、化学实验与生活、化学实验与生命等。 | |
| 606 | 0 | @a化学实验@Ahua xue shi yan@j教材 |
| 690 | @aO6-3@v5 | |
| 701 | 0 | @a翟慕衡@Azhai mu heng@4编著 |
| 701 | 0 | @a魏先文@Awei xian wen@4编著 |
| 701 | 0 | @a王正华@Awang zheng hua@4编著 |
| 801 | 0 | @aCN@b湖北三新@c20120922 |
| 905 | @aZUCC@dO6-3@e1 | |
| 化学实验赏析/翟慕衡, 魏先文, 王正华等编著.-合肥:中国科学技术大学出版社,2012 |
| 311页:图;23cm |
| ISBN 978-7-312-02912-7:CNY33.00 |
| 本书内容包括化学实验简史、化学实验对创新精神的培养和对人类社会的贡献、化学实验的基本操作、化学实验与生活、化学实验与生命等。 |
| ● |
| 相关链接 |
|
|
|
正题名:化学实验赏析
索取号:O6-3/1
 
预约/预借
| 序号 | 登录号 | 条形码 | 馆藏地/架位号 | 状态 | 备注 |
| 1 | 2001432273 | 2001432273 | 315书库/ [索取号:O6-3/1] | 在馆 | |
| 2 | 2001432274 | 2001432274 | 315书库/ [索取号:O6-3/1] | 在馆 | |
| 3 | 2001432275 | 2001432275 | 315书库/ [索取号:O6-3/1] | 在馆 | |
| 4 | 2001432276 | 2001432276 | 315书库/ [索取号:O6-3/1] | 在馆 | |
| 5 | 2001432277 | 2001432277 | 315书库/ [索取号:O6-3/1] | 在馆 |